000 00755nam a2200217 i 4500
001 106370
003 ES-MaACL
005 20230906184128.0
007 t|
008 061103s1905 xxk ||||1| eng d
080 _a342.4(410)(091)
100 1 _aTaswell-Langmead, Thomas Pitt.
_9109378
245 1 0 _aEnglish constitutional history from the teutonic conquest to the present time /
_cby Thomas Pitt Taswell-Langmead.
250 _a6 th. ed. rev. / by Philip A. Ashworth.
260 _aLondon :
_bStevens & Haynes,
_c1905.
300 _aXXIV, 639 p. ;
_c22 cm.
500 _aBiblioteca Jacinto Martínez Lacalle.
651 4 _aGran Bretaña-
_xHistoria constitucional.
_98756
700 1 _aAshworth, Philip A.
_923607
852 _aES-MaACL
_jE-11355
999 _c106370
_d106370